| 000 | 01351cam a22002895a 4500 | ||
|---|---|---|---|
| 001 | 19415677 | ||
| 005 | 20171119104533.0 | ||
| 008 | 161222s2017 enka frbd 001 0 eng d | ||
| 010 | _a 2016059048 | ||
| 020 | _a9781292156095 (print) | ||
| 040 |
_aDLC _beng _cDLC _dDLC _dEG-ScBUE |
||
| 043 | _ae-uk-en | ||
| 082 | 0 | 4 |
_a346.4203 _bELL _222 |
| 100 | 1 |
_aElliott, Catherine, _d1966-. _939881 |
|
| 245 | 1 | 0 |
_aTort law / _cCatherine Elliott and Frances Quinn. |
| 250 | _a11th ed. | ||
| 260 |
_aHarlow : _bPearson Education, _c2017. |
||
| 300 |
_axxviii, 425 p. : _bill. ; _c25 cm. |
||
| 504 | _aIncludes bibliographical references and index. | ||
| 505 | 0 | _aTort law : an introduction -- Negligence : elements of the tort -- Negligence : causation, defences, limitation and criticism -- Negligence : psychiatric injury -- Negligence : economic loss -- Negligence : public bodies -- Employers' liability -- Occupiers' liability -- Product liability -- Breach of statutory duty -- Defamation -- Privacy -- Nuisance -- The rule in Rylands v. Fletcher -- Trespass to land -- Trespass to the person -- Joint and several liability -- Vicarious liability -- Remedies in tort. | |
| 650 | 7 |
_aTorts _zEngland. _2BUEsh |
|
| 651 | _2BUEsh | ||
| 653 |
_bLLAAWW _cNovember2017 |
||
| 655 |
_vText book _933728 |
||
| 700 | 1 |
_aQuinn, Frances, _d1963-. |
|
| 942 | _2ddc | ||
| 999 |
_c25600 _d25572 |
||